|
|
|
|
| LEADER |
01137nam a2200277 a 4500 |
| 001 |
000674710 |
| 003 |
CZ BrMZK |
| 005 |
20110422115505.0 |
| 008 |
030623s1975 xr f cze d |
| 015 |
|
|
|a cnb000470534
|
| 035 |
|
|
|a (OCoLC)42105076
|
| 040 |
|
|
|a BOA001
|b cze
|c BOA001
|
| 041 |
1 |
|
|a cze
|h pol
|
| 100 |
1 |
|
|a Bryll, Ernest,
|d 1935-2024
|7 ola2002157678
|4 aut
|
| 245 |
1 |
0 |
|a Dobrodružství loupežníka Rumcajse /
|c Ernest Bryll, Katarzyna Gärtnerová ; na motivy knížky Václava Čtvrtka ; z pol. orig. přel. Mojmíra Janišová ; texty písní naps. Vladimír Čort
|
| 260 |
|
|
|a Praha :
|b Divadelní a literární agentura,
|c 1975
|
| 300 |
|
|
|a 71 s.
|
| 500 |
|
|
|a Rozmnoženo
|
| 700 |
1 |
|
|a Čort, Vladimír,
|d 1943-2014
|7 jk01021913
|4 aut
|
| 700 |
1 |
|
|a Janišová, Mojmíra,
|d 1920-1986
|7 jk01050965
|4 trl
|
| 700 |
1 |
|
|a Gärtner, Katarzyna,
|d 1942-
|7 xx0036807
|4 cmp
|
| 700 |
1 |
|
|a Čtvrtek, Václav,
|d 1911-1976
|7 jk01021929
|4 ant
|
| 765 |
0 |
|
|t Przygody rozbójnika Rumcajza
|9 Česky
|
| 910 |
|
|
|a BOA001
|b PK-N-0017.313
|
| 990 |
|
|
|a BK
|
| 996 |
7 |
|
|b 3119649882
|c PK-N-0017.313
|l MZK
|r Sklad / do 1 hodiny
|n 0
|w 000674710
|u 000010
|a 1
|e BOA001
|j MZK50
|s A
|